000 00292nam a2200109Ia 4500
001 1275942
005 20260417160437.0
008 260417s9999 xx 000 0 und d
020 _a9786256495166
245 0 _aNene Hatun ve Köyün Sivil Ordusu
_cBüşra Şen Altun
260 _bKetebe Çocuk
999 _c1275942
_d1275942